Robotizace v rezortu průmyslu ČSR
Guardado en:
| Autor principal: | |
|---|---|
| Formato: | Libro |
| Lenguaje: | checo |
| Publicado: |
Praha
Institut pro výchovu vedoucích pracovníků MP ČSR
1985
|
| Edición: | 1. vyd. |
| Etiquetas: |
Sin Etiquetas, Sea el primero en etiquetar este registro!
|
MARC
| LEADER | 00000nam a2200000 4500 | ||
|---|---|---|---|
| 001 | c040349 | ||
| 005 | 20221207072622.5 | ||
| 041 | 0 | |a cze | |
| 044 | |a CZ | ||
| 245 | 1 | 0 | |a Robotizace v rezortu průmyslu ČSR |c Zdeněk Ludvík a kol. |
| 250 | |a 1. vyd. | ||
| 264 | 1 | |a Praha |b Institut pro výchovu vedoucích pracovníků MP ČSR |c 1985 | |
| 300 | |a 110 s. | ||
| 100 | 1 | |a Ludvík, Zdeněk | |